System Of A Down - Steal This Album Songs - Statistics

General Stats
  • This quiz has been taken 37 times
  • The average score is 11 of 16
Answer Stats
Spotify Streams Song % Correct
196,306,151 I-E-A-I-A-I-O
94%
88,210,274 Chic 'N' Stu
88%
62,787,360 Mr. Jack
88%
107,087,237 Roulette
81%
93,227,479 Innervision
75%
26,806,723 A.D.D. (American Dream Denial)
69%
32,233,813 Boom!
69%
29,532,445 Highway Song
69%
19,559,409 Thetawaves
69%
18,592,042 36
63%
30,143,337 Bubbles
63%
23,628,044 Streamline
63%
70,761,994 Fuck The System
50%
23,951,302 Nüguns
50%
23,880,033 Pictures
50%
28,428,591 Ego Brain
44%
No matching quizzes found
Score Distribution
Percent of People with Each Score
Percentile by Number Answered
Your Score History
You have not taken this quiz